Responses for show #5270 - Friday, July 6, 2007

Contestants

Sandi Lin, an economic consultant from Cambridge, Massachusetts

Jennifer Gossett, a band director from North Charleston, South Carolina

Tim Abou-Sayed, a plastic surgeon from Manalapan, Florida (whose 1-day cash winnings total $11,000)

Jeopardy! Round responses

"N" THE ATLAS
(Alex: Each correct response will begin with the letter "N".)
ATHLETES
NOTABLE NAMES
HOOKED ON HOMOPHONICS
WHERE THERE'S A WILLIAM
THERE'S A WEIGHT
    $200 1
North Carolina

Sandi
    $200 16
Florence Griffith Joyner

Sandi
    $200 6
(Alex: And she was the daughter of [*].)

Joseph Stalin

Triple Stumper
    $200 11
toad / towed

Sandi
    $200 17
William Tell

Sandi
    $200 22
1

Jennifer
    $400 2
New Zealand

Sandi
    $400 23
Chris Evert

Jennifer
    $400 7
Chile

Sandi
    $400 12
route / root

Sandi
    $400 18
Williamsburg

Jennifer
    $400 27
the weight of the jockey

Tim
    $600 3
Newport

Tim
    $600 24
Lance Armstrong

Tim
    $600 8
Freud

Sandi
    $600 13
allowed / aloud

Tim
    $600 19
Secretary of Defense

Tim
    $600 28
(Jennifer: What is Avoir Du Pois?)

Troy weight

Jennifer
Triple Stumper
    $800 4
Nepal

Sandi
    $800 25
(Alex: Still boxing. [*].)

Oscar De La Hoya

Triple Stumper
    $800 9
Stephen Hawking

Jennifer
    $800 14
queue / cue

Tim
    $800 20
Prince William Sound

Tim
    $800 29
a ton

Tim
    $1,000 5
Nanjing

Sandi
    $1000 26
Dikembe Mutombo

Jennifer
    $1000 10
(Alex: And his name was [*].)

Ban Ki-moon

Triple Stumper
    $1000 15
not / knot

Triple Stumper
    $1000 21
(Alex: Yes, William [*].)

IV

Sandi
    $1000 30
one million

Tim

Scores at the first commercial break (after clue 15):

Tim Jennifer Sandi
$2,000 $800 $4,000

Scores at the end of the Jeopardy! Round:

Tim Jennifer Sandi
$6,200 $2,200 $5,400

Double Jeopardy! Round responses

LITERARY THEATRE
CELEB BEFORE & AFTER
THAT'S OUR LEADER!
(Alex: You have to identify the country.)
BRITISH HISTORY
COMPUTER MILESTONES
THE "X" GAMES
    $400 26
Candidate

Jennifer
    $400 11
Uma Thurman Munson

Jennifer
    $400 5
Japan

Tim
    $400 16
The Hundred Years' War

Tim
    $400 21
IBM

Sandi
    $400 1
Xerox

Tim
    $800 27
The Grapes of Wrath

Tim
    $800 12
Paul Walker Texas Ranger

Triple Stumper
    $800 7
(Tim: What is Germany?)

Sweden

Tim
Triple Stumper
    $800 17
(Alex: That's when they started using the term [*] or [*]s.)

Tory

Triple Stumper
    $800 22
a worm

Jennifer
    $800 2
The X-Files

Tim
    $1200 28
Eastwick

Tim
    $1200 13
Carrie-Anne Moss Hart

Triple Stumper
    $1,600 8
Iraq

Tim
    $1200 18
(Alex: And that would be the [*], hence the Jutland Peninsula.)

Jutes

Triple Stumper
    $1200 23
Paul Allen & Bill Gates

Tim
    $1200 3
X-Y

Sandi
    $1600 29
Ragtime

Jennifer
    $1600 14
Colin Firth of Fourth

Sandi
    $1600 9
(Tim: What is the Philippines?)

Panama

Tim
Triple Stumper
    $1,800 19
(Tim: What is...)
(Alex: Anything?)
(Tim: Nope.)
(Alex: What is [*]?)
(Tim: [*].)

Britannia

Tim
    $1600 24
Deep Blue

Sandi
    $1600 4
(Jennifer: Who is Xerxes?)
(Tim: Who is Xeno?)

Xenophon

TimJennifer
Triple Stumper
    $2000 30
Virginia Woolf

Tim
    $2000 15
Naomi Watts Riots

Tim
    $2000 10
Lebanon

Tim
    $2000 20
(Alex: He lacked direction even though he was called [*].)

Lord North

Triple Stumper
    $2000 25
(Tim: What is Mosaic?)
...
(Alex: The browser was [*].)

Navigator

Tim
Triple Stumper
    $2000 6
xylem

Tim

Scores at the end of the Double Jeopardy! Round:

Tim Jennifer Sandi
$13,200 $3,800 $10,200

[wagering suggestions for these scores]

Final Jeopardy! Round responses

THE BALKANS
(Alex: There was an earlier breakup, of course, that produced an alliance of this country and another one, and it broke away in 2006 and went out on its own.)
...
(Alex: [Revealing Tim's response] What is [*]? Broke away from Serbia. You are right, sir.)
JenniferWhat is ?
$300
SandiWhat is Herzegovina?
$3,000
TimWhat is Montenegro?
$7,201
Montenegro

Final scores:

Tim Jennifer Sandi
$20,401 $3,500 $7,200
2-day champion: $31,401 3rd place: $1,000 2nd place: $2,000

Game dynamics:

Coryat scores:

Tim Jennifer Sandi
$14,600 $3,800 $10,200
21 R
(including 1 DD),
5 W
(including 1 DD)
9 R,
2 W
15 R
(including 1 DD),
0 W

Combined Coryat: $28,600

The J! Archive is created by fans, for fans. The Jeopardy! game show and all elements thereof, including but not limited to copyright and trademark thereto, are the property of Jeopardy Productions, Inc. and are protected under law. This website is not affiliated with, sponsored by, or operated by Jeopardy Productions, Inc. Join the discussion at JBoard.tv.